Polyfunkčný komplex Nová Cvernovka, Bratislava
Enregistré dans:
| Auteur principal: | |
|---|---|
| Autres auteurs: | |
| Format: | Manuscrit Livre |
| Langue: | slovaque |
| Publié: |
Bratislava
2017
|
| Sujets: | |
| Accès en ligne: | http://is.stuba.sk/zp/portal_zp.pl?podrobnosti=120678 |
| Tags: |
Pas de tags, Soyez le premier à ajouter un tag!
|
MARC
| LEADER | 00000ntm a22000003a 4500 | ||
|---|---|---|---|
| 001 | stuzp63638 | ||
| 003 | SK-STU | ||
| 005 | 20210215102539.8 | ||
| 007 | ta | ||
| 008 | 150427s2015----xo-----f-mn---000-0-slo-d | ||
| 040 | |a STU |b slo | ||
| 041 | 0 | |a slo | |
| 100 | 1 | |a Oravec, Maroš |u 051110 |4 aut |U FAD Fakulta architektúry |T FA Ústav architektúry obytných budov |X 43903 |U A1110 |Y 392 |7 A000043903 | |
| 242 | 0 | 1 | |a Polyfunctional buildings Nová Cvernovka, Bratislava |y eng |
| 245 | 1 | 0 | |a Polyfunkčný komplex Nová Cvernovka, Bratislava |
| 260 | |c 2017 |a Bratislava | ||
| 650 | 4 | |a polyfunkčný komplex |2 slo | |
| 650 | 4 | |a bývalý priemyselný areál |2 slo | |
| 650 | 4 | |a bývanie |2 slo | |
| 650 | 4 | |a bytový dom |2 slo | |
| 650 | 4 | |a Cvernovka |2 slo | |
| 650 | 4 | |a housing |2 eng | |
| 650 | 4 | |a residential building |2 eng | |
| 650 | 4 | |a polyfunctional complex |2 eng | |
| 650 | 4 | |a former industrial complex |2 eng | |
| 650 | 4 | |a Cvernovka |2 eng | |
| 700 | 1 | |a Selcová, Ľubica |u 051110 |k Z1 |4 ths |U FAD Fakulta architektúry |T FA Ústav architektúry obytných budov |X 4198 |U A1110 |Y 392 |7 A000004198 | |
| 856 | 4 | |u http://is.stuba.sk/zp/portal_zp.pl?podrobnosti=120678 |u https://opac.crzp.sk/?fn=detailBiblioForm&sid=E7FF18FD4FFD5019DDFAE13CC38C | |